000 00289nam a2200133Ia 4500
100 _aLevinson/N/ Redheffer
942 _cBK
654 _avariables
245 _aComplex variables
260 _bMcGraw Hill
_aNew Delhi
_c1980
082 _a515.9
_bLEV
300 _a415
546 _aENGLISH
999 _c30466
_d30466